Pays du Monde se terminant par 2 consonnes - Statistiques

Statistiques générales
  • Ce quiz a été pris 841 fois
    452 depuis la dernière actualisation
  • Le résultat moyen est 5 sur 7
Statistiques - réponses
Réponse % Correct
Danemark
78%
Luxembourg
74%
Corée du Nord
69%
Iles Marshall
67%
Bangladesh
57%
Cap-Vert
57%
Macédoine du Nord
54%
Aucun quiz correspondant
Distribution des résultats
% des personnes avec chaque résultat
Percentile par nombre de réponses
Votre historique - résultats
Vous n’avez pas pris ce quiz depuis la dernière actualisation